| 000 | 00393nam a22001577a 4500 | ||
|---|---|---|---|
| 005 | 20251122091219.0 | ||
| 082 | _a621.3 ANE | ||
| 100 |
_aAneesh P Thankachan _91022 |
||
| 100 |
_aPriya A Geevarghese _91023 |
||
| 245 | _aIntroduction to Electrical and Electronics Engineering | ||
| 250 | _a1 | ||
| 260 |
_aOwl Books _bTrivandrum _c2024 |
||
| 546 | _aenglish | ||
| 650 |
_aEEE _94 |
||
| 942 | _cBK | ||
| 999 |
_c38040 _d38040 |
||